| 000 | 00000nam##2200000za#4500 |
| 001 | 9.657641 |
| 003 | CaOODSP |
| 005 | 20200330144544 |
| 007 | ta |
| 008 | 150407|1995||||xxc||||| f|0| 0 eng|d |
| 020 | |a0-662-61789-4 |
| 040 | |aCaOODSP|beng |
| 041 | |aeng |
| 041 | |afre |
| 043 | |an-cn--- |
| 086 | 1 |aM22-119/1995 |
| 110 | 1 |aCanada.|bNatural Resources Canada. |bMining Sector. |
| 245 | 14|aThe federal government's response to the fifth report of the Standing Committee on Natural Resources; Lifting Canadian mining off the rocks : |btabled in the House of Commons by the Honourable A. Anne McLellan, Minister of Natural Resources, May 8, 1995 |
| 260 | |aOttawa - Ontario : |bNatural Resources Canada. |c1995. |
| 300 | |aEnglish text, 12p. ; |c28 cm. |
| 546 | |aBilingual |
| 563 | |aSoftcover |
| 590 | |a95-21|b1995-05-26 |
| 690 | 07|aMining industry|2gcpds |
| 776 | 0#|tRéponse du gouvernement fédéral au cinquième rapport du Comité permanent des ressources naturelles intitulé: Sortir l'industrie minière canadienne du trou : |w(CaOODSP)9.644391 |
| 776 | 0#|tThe federal government's response to the fifth report of the Standing Committee on Natural Resources: Lifting Canadian mining off the rocks : |w(CaOODSP)9.700507 |
| 792 | |tRéponse du gouvernement fédéral au cinquième rapport du Comité permanent des ressources naturelles intitulé: Sortir l'industrie minière canadienne du trou : |efre|w(CaOODSP)9.657642 |